LEADER 01323nam a2200301 a 4500 001 000000136339 003 CaOOAMICUS 005 20131119115511.0 008 131119m19591961fr u000 u fre r 040 $aPUL$bita 100 1 $aPéguy, Charles,$d1873-1914.$0(OLS)http://pul/name/36303 245 10$aOeuvres en prose /$cCharles Péguy. 260 $aParis :$bGallimard,$c©1959-1961. 300 $a2 v. ;$c18 cm. 490 1 $aBibliothèque de la Pléiade 504 $aInclude indici e riferimenti bibiografici. 505 0 $aV. 1. 1898-1908 / introduction et notes par Marcel Péguy. -- v. 2. 1909-1914 / avant-propos et notes par Marcel Péguy. 700 1 $aPéguy, Marcel.$0(OLS)http://pul/name/87796 830 0$aBibliothèque de la Pléiade.$0(OLS)http://pul/title/15042 850 $aPUL 852 $aPUL$W1$xDP1 Fondo E. Rossi$y115$m2 C 72.1$j157038$av. 1$qFondi$B156528$CPULBib$Z2$F156528 $82 852 $aPUL$W1$xDP1 Fondo E. Rossi$y115$m2 C 72.2$j157039$av. 2$qFondi$B156529$CPULBib$Z2$F156529 $82 941 1 $a1 961 $aSul dorso collocazione ms. di E. Rossi: III 66 961 $aSul dorso collocazione ms. di E. Rossi: III 66' 996 $6245$aOeuvres en prose$9(OLS)http://pul/title/172471 996 $6260$aParis :$bGallimard$9(OLS)http://pul/publisher/48435 LEADER 01492nam a2200313 u 4500 001 000000080437 003 CaOOAMICUS 005 20070226123639.0 008 041030s2004 ne u000 u eng u 020 $a9004098151 (set) 035 $a11013441 040 $aIPA$bita 100 1 $aKannengiesser, Charles,$b1926-2018.$0(OLS)http://pul/name/6252 245 10$aHandbook of patristic exegesis :$bthe Bible in ancient Christianity /$cby Charles Kannengiesser ; with special contributions by various scholars. 260 $aLeiden :$bBrill,$c2004. 300 $a2 v. (xxxiv, 1495 p.) ;$c25 cm 490 1 $aThe Bible in ancient Christianity ;$vv. 1 630 04$aBiblia$xCritica e interpretazione$xStoria.$0(OLS)http://pul/subject/8422 650 4$aPadri della Chiesa.$0(OLS)http://pul/subject/533 830 4$aThe Bible in ancient Christianity ;$vv. 1.$0(OLS)http://pul/title/105346 850 $aPUL 852 $aPUL$W1$xSL Religione 3$y85$m220.6 KANCH 1.1$j129311$nBK-PRI$qDDC 21$B102722$CPULBib$Z2$F102722 $82 852 $aPUL$W1$xSL Religione 3$y85$m220.6 KANCH 1.2$j129312$nBK-PRI$qDDC 21$B102723$CPULBib$Z2$F102723 $82 941 1 $a9 961 $aINV: 98692 v.1, 98693 v.2 961 $aINV: 98692 v.1, 98693 v.2 996 $6020$a9004098151 (set)$9(OLS)http://pul/number/106383 996 $6245$aHandbook of patristic exegesis :$bthe Bible in ancient Christianity$9(OLS)http://pul/title/105345 996 $6260$aLeiden :$bBrill$9(OLS)http://pul/publisher/47956